| 000 | 00451nam a22001457a 4500 | ||
|---|---|---|---|
| 082 | _a621.3 | ||
| 100 | _aZaka, Umair | ||
| 245 |
_aTime Varying Equalization of Doubly Selective Channel / _cUmair Zaka |
||
| 260 |
_aIslamabad : _bMCS - NUST, _c2017. |
||
| 300 |
_a32 p. ; _c30cm. |
||
| 650 |
_aElectrical Engineering-MS-Thesis _916073 |
||
| 700 |
_aDr. Imran Tauqir _934961 |
||
| 942 |
_2ddc _cTHE |
||
| 999 |
_c540916 _d540916 |
||